01026nam a2200229 a 450000100060000000300090000600800410001504000280005608200180008411000250010224501050012726000380023230000090027049000470027959001480032665000550047465000460052965000390057594200120061499900170062695201530064312769CO-ViMGA141112s2004 ck r 000 u spa d aCO-ViMGAbspacCO-ViMGA04a352.086 C65o4 aBanco Mundial91849110aColombia : bReforming the decentralization law : bIncentives for an effective delivery of services aWashington : bWorld Bank, c1996 a35p. aBanco Mundial - Document of the World Bank aForma de adquisición : DONACION - - Proveedor : BIBLIOTECA LUIS Ángel ARANGO - - Fecha de adquisición : 12 - 03 - 2001 - - Ejemplares : E14aDESCENTRALIZACION ADMINISTRATIVA - COLOMBIA91707414aeducación - COLOMBIA - PROGRAMAS91849214aSALUD - COLOMBIA - PROGRAMA918493 2ddccBK c23713d23713 00102ddc40708002aMEVIECARbMEVIECARd2015-12-04hVolumen. 1 | 11/jun/2009l0o352.086 C65o4 p12769r2015-12-04 00:00:00tEj. 2w2015-12-04yBK